Developing Halal Logistics Framework: An Innovation Approach / (Record no. 6375)

MARC details
000 -LEADER
fixed length control field 01137nmb a2200289uu 4500
001 - CONTROL NUMBER
control field 09052
003 - CONTROL NUMBER IDENTIFIER
control field HDC
007 - PHYSICAL DESCRIPTION FIXED FIELD--GENERAL INFORMATION
fixed length control field cr cn|---aauu|
008 - FIXED-LENGTH DATA ELEMENTS--GENERAL INFORMATION
fixed length control field 210201p2014 my ||||| |||| 00| 0 eng d
040 ## - CATALOGING SOURCE
Original cataloging agency HDC
100 ## - MAIN ENTRY--PERSONAL NAME
Personal name Noorliza Karia,
Relator term author
9 (RLIN) 9487
245 #0 - TITLE STATEMENT
Title Developing Halal Logistics Framework: An Innovation Approach /
Statement of responsibility, etc. Noorliza Karia, and Muhammad Hasmi Abu Hassan Asaari
260 ## - PUBLICATION, DISTRIBUTION, ETC.
Place of publication, distribution, etc. Pulau Pinang :
Name of publisher, distributor, etc. Universiti Sains Malaysia,
Date of publication, distribution, etc. 2014
300 ## - PHYSICAL DESCRIPTION
Extent 8 pages :
336 ## - CONTENT TYPE
Content type term text
Source rdacontent
337 ## - MEDIA TYPE
Media type term computer
Source rdamedia
338 ## - CARRIER TYPE
Carrier type term online resource
Source rdacarrier
500 ## - GENERAL NOTE
General note Vision 2020: Sustainable Growth, Economic Development, and Global Competitiveness
650 ## - SUBJECT ADDED ENTRY--TOPICAL TERM
Topical term or geographic name entry element Business
General subdivision Religious aspects
-- Islam
9 (RLIN) 1603
650 ## - SUBJECT ADDED ENTRY--TOPICAL TERM
Topical term or geographic name entry element Food
General subdivision Religious aspects
-- Islam
9 (RLIN) 239
650 ## - SUBJECT ADDED ENTRY--TOPICAL TERM
Topical term or geographic name entry element Halal food Industry
Geographic subdivision Malaysia.
9 (RLIN) 218
700 ## - ADDED ENTRY--PERSONAL NAME
Personal name Muhammad Hasmi Abu Hassan Asaari,
Relator term author
9 (RLIN) 9488
856 ## - ELECTRONIC LOCATION AND ACCESS
Public note Request full-text at [email protected]
942 ## - ADDED ENTRY ELEMENTS (KOHA)
Source of classification or shelving scheme Dewey Decimal Classification
942 ## - ADDED ENTRY ELEMENTS (KOHA)
Koha item type Thesis
942 ## - ADDED ENTRY ELEMENTS (KOHA)
Call number prefix THES 000028
Holdings
Withdrawn status Lost status Source of classification or shelving scheme Damaged status Not for loan Home library Current library Shelving location Date acquired Total checkouts Full call number Date last seen Price effective from Koha item type
    Library of Congress Classification     Halal Development Corporation Library Halal Development Corporation Library Open Shelves 24/05/2023   THES 000028 24/05/2023 24/05/2023 Thesis
Halal Development Corporation Berhad (HDC)
5.02 Level 5, KPMG Tower, First Avenue, Persiaran Bandar Utama, 47800 Petaling Jaya, Selangor Darul Ehsan
Phone: +603 7965 5489 Email: [email protected]